01016cam a22002771a 4500001001000000003000400010005001700014008004100031020001800072020001500090040004000105082002100145100002700166245008200193260004500275300004100320500002400361500002700385650004500412650004100457653002200498655002400520942002100544999001700565952015600582016461214OSt20150407134227.0130705t2014 inuo f d 001 0 eng d a9780789748836 a0789748835 aStDuBDSbengcStDuBDSdUkdEG-ScBUE00a005.133bBAI2221 aBaichtal, John.93759610aArduino for beginners :bessential skills every maker needs /cJohn Baichtal. aIndianapolis :bQue Publishing,cc.2014. axiv, 376 p. :bphotographs ;c23 cm. aIndex : p. 365-376. aGlossary : p. 359-363. 0aArduino (Programmable controller)936257 0aElectronicsxData processing.937597 bCOMSCIcApril2015 vreading book934232 2ddck005.133 BAI c19169d19141 00102ddc40708AlahramaMAINbMAINcLOWd2015-04-07epurchaseg225.00h324l2m4o005.133 BAIp000037929r2025-07-15 00:00:00s2018-11-21v281.25yBB